Attack Of The Clones (2002) Characters - Statistics

General Stats
  • This quiz has been taken 233 times
  • The average score is 10 of 12
Answer Stats
Hint Answer % Correct
Hayden Christiansen Anakin Skywalker
99%
Samuel L. Jackson Mace Windu
99%
Ewan McGregor Obi-Wan Kenobi
99%
Natalie Portman Padme Amidala
99%
Christopher Lee Count Dooku
95%
Frank Oz Master Yoda
92%
Ian McDiarmid Chancellor Palpatine
88%
Liam Neeson Qui-Gon Jinn
85%
Anthony Daniels C-3PO
82%
Kenny Baker R2-D2
82%
Achmed Best Jar Jar Binks
66%
Jimmy Smits Bail Organa
41%
No matching quizzes found
Score Distribution
Percent of People with Each Score
Percentile by Number Answered
Your Score History
You have not taken this quiz